| 000 | 00535nam a2200193Ia 4500 | ||
|---|---|---|---|
| 008 | 180207s9999 xx 000 0 und d | ||
| 020 | _a9789715117309 | ||
| 050 | _bR457 2002 | ||
| 100 | _aReyes, Yna | ||
| 245 | _aAng bagong kaibigan ni Bing butiki = | ||
| 245 | _bBing butiki's new friend / | ||
| 245 | _cby Yna Reyes ; illustrated by Jason Moss. | ||
| 260 | _aMetro Manila, Philippines : | ||
| 260 | _bOMF Literature Inc., | ||
| 260 | _c2002 | ||
| 300 | _a30 pages : | ||
| 300 | _bcolor illustration ; | ||
| 300 | _c22cm. | ||
| 999 |
_c355785 _d355785 |
||